[Event "Fajr op 16th"]
[Site "Urmia"]
[Date "2008.02.04"]
[Round "4"]
[White "Soozankar, Amir Mohammad"]
[Black "Khechomian, Soren"]
[Result "1-0"]
[WhiteElo "2253"]
[BlackElo "2050"]
[PlyCount "45"]
[EventDate "2008.02.03"]
[EventType "swiss"]
[EventRounds "11"]
[EventCountry "IRI"]
[SourceTitle "CBM 122 Extra"]
[Source "ChessBase"]
[SourceDate "2008.03.04"]
[SourceVersion "1"]
[SourceVersionDate "2008.03.04"]
[SourceQuality "1"]

1. e4 e6 2. d4 d5 3. Nc3 Nf6 4. e5 Nfd7 5. Nf3 c5 6. Bg5 f6 7. exf6 Nxf6 8. Bb5+ Bd7 9. Qe2 cxd4 10. Qxe6+ Qe7 11. Qxe7+ Bxe7 12. Bxf6 dxc3 13. Bxd7+ Nxd7 14. Bxc3 0-0 15. 0-0-0 Nb6 16. Rhe1 Bd6 17. Bd4 Rad8 18. Kb1 Rf5 19. Rd3 Nc8 20. Rde3 Kf8 21. g4 Rf4 22. Ng5 Rxd4 23. Ne6+ 1-0